| 000 | 02112nam a22003377a 4500 | ||
|---|---|---|---|
| 005 | 20110525121031.0 | ||
| 010 | _aB-430599-601 B-440974-975 | ||
| 020 |
_a0195672429 _c375.00 |
||
| 020 |
_a9780195672428 _c375.00 |
||
| 035 | _aB-430599-601 | ||
| 035 | _aB-440974-975 | ||
| 037 | _bRBC/VEN | ||
| 082 | _a 954.00882971 | ||
| 100 |
_aVarshney, Ashutosh, _d1957- _931027 |
||
| 245 |
_aEthnic conflict and civic life : _b Hindus and Muslims in India / _cAshutosh Varshney. |
||
| 260 |
_aNew Delhi _bOxford University Press _c2010 |
||
| 300 |
_axxv, 382p. _bill. _c22 cm. (pbk) |
||
| 500 | _aIncludes bibliographical references and index. | ||
| 650 |
_aMuslims _zIndia _931028 |
||
| 650 |
_aHindus _zIndia _931029 |
||
| 650 |
_aEthnic conflict _zIndia _931030 |
||
| 650 |
_aCommunalism _zndia _931031 |
||
| 942 |
_2ddc _cEN _h 954.00882971 _mVAR |
||
| 999 |
_c52592 _d52592 |
||